Enciclopedia visual Salvat : historia y cultura /

I tiakina i:
Ngā taipitopito rārangi puna kōrero
Kaituhi matua: Salvat, Juan (dirección)
Ētahi atu kaituhi: Arola, Rita (colaboración) (colaboración)
Hōputu: Pukapuka
Reo:Pāniora
I whakaputaina: Barcelona, España : Salvat, 1978, c1978
Ngā marau:
Ngā Tūtohu: Tāpirihia he Tūtohu
Kāore He Tūtohu, Me noho koe te mea tuatahi ki te tūtohu i tēnei pūkete!

MARC

LEADER 00000nam^a2200000^a^4500
001 000318473
005 20250521000000.0
008 120214 19781978
009 20260310113413.911
020 |a 84-345-3944-6 
020 |a 84-345-3948-9 
025 |a Donación Martín del Campo Chávez, 1 ejemplar 
037 |a Acervo ITESO - Biblioteca 
041 |a ESP 
082 |a 036. 1  |b VIS V. 5 
100 |a Salvat, Juan  |e (dirección) 
240 1 1 |a [Enciclopedia visual Salvat] 
240 1 1 |a [Enciclopedia visual Salvat: historia y cultura] 
245 1 0 |a Enciclopedia visual Salvat :  |b historia y cultura /  |c Dir. de J. Salvat ; colaboración de R. Arola... [et al.]. 
264 4 |a Barcelona, España :  |b Salvat,  |c 1978, c1978 
300 |a 315 p. 
336 |a texto  |b txt  |2 rdacontenido 
337 |a sin mediación  |b n  |2 rdamedio 
338 |a volumen  |b nc  |2 rdasoporte 
649 |a XX 
650 |a Historia Antigua 
650 |a Edad Media -  |x Historia 
650 |a Historia Moderna -  |y Siglo XVI 
650 |a Historia Moderna -  |y Siglo XVII 
650 |a Historia Universal -  |x Tema Principal 
650 |a Historia Universal -  |x Enciclopedias y Diccionarios 
650 |a Historia -  |x Enciclopedias y Diccionarios 
650 |a Enciclopedias y Diccionarios -  |x Tema Principal 
700 |a Arola, Rita  |e (colaboración) 
910 |a Fondo General 
920 |a Impresos - Libros 
930 |a Obras de Referencia 
905 |a 102 
901 |a 0500205775  |b IT2  |c REF  |i D  |u 20250521 
902 |a https://opac.biblio.iteso.mx/vufind/Record/000318473